Statistics for Tribar Flags

Click here to take the quiz!

General Stats

  • This quiz has been taken 24 times
    (19 since last reset)
  • The average score is 18 of 19

Answer Stats

Answer% Correct
Argentina
100%
Austria
100%
Laos
100%
Lebanon
100%
Nicaragua
100%
Nigeria
100%
Peru
100%
Spain
100%
Barbados
94%
Cambodia
94%
Canada
94%
Honduras
94%
Latvia
94%
Mauritania
94%
Mongolia
94%
Belize
89%
El Salvador
89%
Guatemala
89%
Nauru
89%

Score Distribution

Percentile by Number Answered

Percent of People with Each Score

Your Score History

You have not taken this quiz since the last reset